logo

Bir Sreshtho Munshi Abdur Rouf Library
Jhenaidah Cadet College

A short guide to English style / (Record no. 8722)

MARC details
000 -LEADER
fixed length control field 00685cam a2200253 a 4500
001 - CONTROL NUMBER
JCCL Control Number 8722
003 - CONTROL NUMBER IDENTIFIER
JCCL marc code BD-JhCC
005 - DATE AND TIME OF LATEST TRANSACTION
control field 20180301174652.0
008 - FIXED-LENGTH DATA ELEMENTS--GENERAL INFORMATION
fixed length control field 810820s1961 enk b 00100 eng d
020 ## - INTERNATIONAL STANDARD BOOK NUMBER
International Standard Book Number 0194167186
035 ## - SYSTEM CONTROL NUMBER
system control number (BD-JhCC)8722
035 ## - SYSTEM CONTROL NUMBER
system control number 746480
040 ## - CATALOGING SOURCE
Original cataloging agency ANL
Modifying agency SL
-- BD-JhCC
041 ## - LANGUAGE CODE
Language code of Book eng
082 0# - DEWEY DECIMAL CLASSIFICATION NUMBER
Classification number 808.042
DDC Edition number 19
Author mark and Year WAR 1961
100 1# - MAIN ENTRY--PERSONAL NAME
Personal name Warner, Alan,
245 12 - TITLE STATEMENT
Title A short guide to English style /
Statement of responsibility, etc Alan Warner.
260 ## - PUBLICATION, DISTRIBUTION, ETC. (IMPRINT)
Place of publication, distribution, etc London :
Name of publisher, distributor, etc Oxford University Press,
Date of publication, distribution, etc 1961.
300 ## - PHYSICAL DESCRIPTION
Pagination viii, 198 p. ;
Dimensions 22 cm.
504 ## - BIBLIOGRAPHY, ETC. NOTE
Bibliography, etc Includes bibliography (p. [193]) and index.
650 #0 - SUBJECT ADDED ENTRY--TOPICAL TERM
Topical term or geographic name as entry element English language
General subdivision Style.
942 ## - ADDED ENTRY ELEMENTS (KOHA)
Source of classification or shelving scheme Dewey Decimal Classification
Koha item type Books
Holdings
Source of classification or shelving scheme Damaged status Not for loan Home library Current library Shelving location Total Checkouts Full call number Barcode Date last seen Copy number Koha item type Date of accession Checked out Date checked out
Dewey Decimal Classification     JCC Rouf Library JCC Rouf Library General Stacks   808.042 WAR 1961 11453 03/01/2018 C-1 Books      
Dewey Decimal Classification     JCC Rouf Library JCC Rouf Library General Stacks 1 808.042 WAR 1961 11687 01/28/2026 C-2 Books 03/03/2018 02/23/2026 01/28/2026

JCC Library | Contacts | JCC Home

Last Update on 23 September 2017
Copyright @ 2017-2020 JCC Rouf Library
Rouf Library, Jhenidah Cadet College (JCC), Bangladesh